000
00292nam a22001337a 4500
008
181218b xxu||||| |||| 00| 0 eng d
020
_a
0534005624
041
_a
eng
080
_2
2nd
_a
573
100
_a
11
101
_a
BIO
245
_a
Plant Physiology
_c
Salisbury, F.B
942
_2
udc
_c
BK
999
_c
53419
_d
53419